Guide dogs for the blind, their selection, development, and training /

Bibliographic Details
Other Authors: Pfaffenberger, Clarence J.
Format: Book
Language:English
Series:Developments in animal and veterinary sciences ; 1.
Subjects:

MARC

Tag First Indicator Second Indicator Subfields
LEADER 00000pam a2200000 i 4500
001 in00000067447
005 20151008051939.0
008 760910s1976 ne a b 00100 eng
010 |a  76044518  
020 |a 0444415203 :  |c $24.50 
035 |a (OCoLC)02493496 
035 |9 AAH0874AM 
040 |a DLC  |c DLC  |d TXA  |d UtOrBLW 
049 |a TXAM [Also in] [Med Sci] [HV] [1780] [S4] [G946] [1976a]  |c 1 [1360878] 
050 0 0 |a HV1780.S4  |b G84 
082 0 |a 636.7/08/86 
096 |a HV 1780 S4 G946 1976a 
245 0 0 |a Guide dogs for the blind, their selection, development, and training /  |c Clarence J. Pfaffenberger [and others] ; with the editorial assistance of Sarah F. Scott. 
264 2 |a Amsterdam ;  |a New York :  |b Elsevier Scientific Pub. Co. : distributors for the U.S. and Canada, Elsevier/North Holland,  |c 1976. 
300 |a x, 225 pages :  |b illustrations ;  |c 25 cm. 
336 |a text  |b txt  |2 rdacontent 
337 |a unmediated  |b n  |2 rdamedia 
338 |a volume  |b nc  |2 rdacarrier 
490 1 |a Developments in animal and veterinary sciences ;  |v 1 
504 |a Includes bibliographies and index. 
650 0 |a Guide dogs. 
650 2 |a Blindness  |x rehabilitation. 
650 2 |a Dogs. 
700 1 |a Pfaffenberger, Clarence J. 
830 0 |a Developments in animal and veterinary sciences ;  |v 1. 
999 |a MARS 
999 f f |s 86510328-b240-348c-970f-6dede12e33a9  |i 571d60ac-2848-37d5-8b99-aac6a6e113b1  |t 0 
952 f f |p ric  |a Texas A&M University  |b Rellis Campus  |c Joint Library Facility  |d Remote Storage  |t 0  |e HV1780.S4 G84  |h Library of Congress classification  |i unmediated -- volume  |m A14803021905 
998 f f |a HV1780.S4 G84  |t 0  |l Remote Storage